Länder, die San Marino am nächsten liegen - Statistiken

Allgemein
  • Dieses Quiz wurde 244 mal gespielt
  • Das Durchschnittsergebnis liegt bei 18 aus 20
Antwortstatistiken
km Land % Korrekt
0 Italien
100%
291 Österreich
100%
310 Schweiz
100%
388 Deutschland
99%
141 Kroatien
98%
186 Slowenien
98%
221 Vatikanstadt
98%
259 Frankreich
96%
271 Bosnien und Herzegowina
94%
409 Liechtenstein
93%
524 Serbien
92%
571 Slowakei
92%
587 Albanien
91%
526 Tschechien
91%
421 Ungarn
91%
495 Montenegro
90%
622 Kosovo
88%
695 Nordmazedonien
84%
457 Monaco
82%
653 Rumänien
74%
Keine übereinstimmenden Quizze gefunden
Verteilung der Resultate
Anzahl Personen mit jedem Resultat
Perzentil nach korrekt beantworteten Fragen
Ihre Resultats-Entwicklung
Sie haben dieses Quiz noch nicht gespielt